| Record ID | marc_records_scriblio_net/part01.dat:137643294:612 |
| Source | Scriblio |
| Download Link | /show-records/marc_records_scriblio_net/part01.dat:137643294:612?format=raw |
LEADER: 00612nam 22001811 4500
001 03010593 //r86
003 DLC
005 19861106000000.0
008 861105s1882 paua 00010 eng
010 $a 03010593 //r86
040 $aDLC/ICU$cICU
050 0 $aQB45$b.S53
100 10 $aSharpless, Isaac,$d1848-1920.
245 10 $aAstronomy for schools and general readers.$cBy Isaac Sharpless ... and Prof. G.M. Philips ...
260 0 $aPhiladelphia,$bJ.B. Lippincott & co.$c[c1882]
300 $a303 p.$billus., diagr.$c20 cm.
650 0 $aAstronomy.
700 10 $aPhilips, G. M.$q(George Morris),$d1851-1920,$ejoint author.